| 000 | 00604nam a22002057a 4500 | ||
|---|---|---|---|
| 005 | 20251108165527.0 | ||
| 008 | 250721s1985 xx 000 0 ara d | ||
| 082 | 1 | 4 | _aم/220.03/راه |
| 100 | 1 | _aراهنر، كارل | |
| 245 | 1 | 0 | _aمعجم اللاهوت الكاثوليكي / |
| 264 | 1 |
_aبيروت : _bدار المشرق ش م م، _c1985. |
|
| 300 | _a383ص | ||
| 650 | 1 | 7 | _aالمسيحية |
| 650 | 1 | 7 | _aالمعاجم |
| 650 | 1 | 7 | _aالديانات |
| 700 | 1 | _aقورغريملر، هربرت | |
| 700 | 1 |
_aخليفه، عبده _eترجمة |
|
| 942 |
_2ddc _cREF |
||
| 999 |
_c30012 _d30012 |
||